01429 2200241 4500001002100000005001500021035002000036007000300056008004100059020002200100082000800122084001400130100002400144245006200168250001000230260003600240300003600276650002000312504003100332520080200363990001101165990001101176INLIS00000000000270520220106102022 a0010-0119000057ta220106 g 0 ind  a978-602-7869-37-0 a582 a582 DIN a0 aDINI, Nuris Nuraini1 aAneka Manfaat Bunga untuk Kesehatan /cDini Nuris Nuraini acet.1 aYogyakarta :bGava Media,c2014 aix, 240 hlm. :bilus. ;c23 cm. 4aBUNGA. TUMBUHAN aBibliografi : hlm. 235-240 aBunga yang saya maksud di dalam buku ini adalah bagian tanaman yang berbentuk bunga, yang umumnya terdiri dari mahkota bunga, kelopak bunga, benangsari dan putik; jadi bukan hanya tanaman bunga-bungaan. Buku ini berisi aneka manfaat bunga dari 72 jenis tanaman, mulai dari tanaman bunga-bungaan, tanaman pohon, sampai dengan gulma. Buku ini sangat cocok digunakan oleh herbalis, pecinta tanaman, pecinta lingkungan, petani dan orang yang bekerja di perkebunan, fakultas farmasi, fakultas pertanian, jurusan teknologi pangan, fakultas MIPA jurusan kimia dan biologi, industri rumah tangga, ibu rumah tangga, industri makanan dan minuman, industri farmasi, industri parfum, fakultas kedokteran, pabrik pestisida, pabrik sampo, pelajar dan mahasiswa (sebagai bahan penelitian dan penambah wawasan a5858 a a5858 b